Library Banner

A strategy for employment and human resources development for Pakistan in.. (Record no. 30323)

MARC details
000 -LEADER
fixed length control field 00570nam a2200193Ia 4500
001 - CONTROL NUMBER
control field 30196
003 - CONTROL NUMBER IDENTIFIER
control field PK-LaUMT
005 - DATE AND TIME OF LATEST TRANSACTION
control field 20221004142528.0
008 - FIXED-LENGTH DATA ELEMENTS--GENERAL INFORMATION
fixed length control field 140416s9999 xx 000 0 und d
040 ## - CATALOGING SOURCE
Transcribing agency PK-LaUMT
082 ## - DEWEY DECIMAL CLASSIFICATION NUMBER
Classification number W 658.3
Item number CAM-S
100 ## - MAIN ENTRY--PERSONAL NAME
Personal name John Cameron
245 #2 - TITLE STATEMENT
Title A strategy for employment and human resources development for Pakistan in..
Statement of responsibility, etc John Cameron<>Mohammad Irfan
260 ## - PUBLICATION, DISTRIBUTION, ETC. (IMPRINT)
Place of publication, distribution, etc Islamabad,Pakistan:
Name of publisher, distributor, etc United Nations Development Programme,
Date of publication, distribution, etc 1990
300 ## - PHYSICAL DESCRIPTION
Extent 225+ p.
546 ## - LANGUAGE NOTE
Language note EN
700 ## - ADDED ENTRY--PERSONAL NAME
Personal name Mohammad Irfan
942 ## - ADDED ENTRY ELEMENTS (KOHA)
Koha item type Permanently weeded out collection
Source of classification or shelving scheme Dewey Decimal Classification
Holdings
Withdrawn status Lost status Damaged status Not for loan Home library Current library Date acquired Total Checkouts Full call number Barcode Date last seen Date checked out Price effective from Koha item type
        UMT Main Campus UMT Main Campus 2014-04-16 1 W 658.3 CAM-S 37312 2017-05-17 2017-05-16 2014-05-03 Books